000
00301nam a22001457a 4500
003
SGT
020
_a
9789355213600
082
_a
070.285
_b
DAS
100
_a
DASS Dr RAHUL
245
_a
MOBILE JOURNALISM
260
_a
INDIA
_c
2022
_b
PRABHAT PUB
300
_a
168
650
_a
BJMC
942
_2
ddc
_c
BK
999
_c
32122
_d
32122